| 000 | 00694nam a22002297a 4500 | ||
|---|---|---|---|
| 005 | 20170124110105.0 | ||
| 010 | _aA-028481 | ||
| 020 | _c00.00 | ||
| 035 | _aA-028481 | ||
| 037 | _bCen Lib/Ret | ||
| 040 |
_aDPL _bEN |
||
| 082 |
_a921 _bSUC |
||
| 245 |
_aSucheta : _cedited by K. N. Vaswani _ban unfinished autobiography / |
||
| 260 |
_aAhmedabad _bNavajivan Publishing House _c1978 |
||
| 270 |
_bAhmedabad _e380014 |
||
| 300 |
_axxxi,265p. : _c22cm(Hb) _bill. |
||
| 500 | _aIncludes index | ||
| 650 |
_aPoliticians -- India -- Biography _926655 |
||
| 650 |
_aKripalani, Sucheta, -- 1908-1974 _927977 |
||
| 700 |
_aVaswani, K. N. _927978 |
||
| 942 |
_2ddc _cEN _h921 _mSUC |
||
| 999 |
_c129981 _d129981 |
||